[Event "AUTO-ADV-3383"]
[Site "http://www.queenalice.com/game.php?id=1350477"]
[Date "2015.3.29"]
[Round "1"]
[White "julick"]
[Black "Chanchito"]
[Result "0-1"]
[WhiteElo "1709"]
[BlackElo "2088"]

1. e3 e5 2. Qg4 d5 3. Qd1 Nf6 4. d4 e4 5. c3 Bd6 6. Bb5+ c6 7. Ba4 O-O 8. Ne2
Nbd7 9. O-O Bxh2+ 10. Kxh2 Ng4+ 11. Kg1 Qh4 0-1

[Event "AUTO-ADV-3383"]
[Site "http://www.queenalice.com/game.php?id=1350488"]
[Date "2015.3.29"]
[Round "1"]
[White "julick"]
[Black "Cyrille2le"]
[Result "0-1"]
[WhiteElo "1718"]
[BlackElo "1966"]

1. e3 d5 2. d4 Nf6 3. Bd3 e6 4. Nf3 c5 5. dxc5 Bxc5 6. O-O O-O 7. a3 a6 8. Ne5
Nc6 9. Nxc6 bxc6 10. b4 Bb6 11. Bb2 Qd6 12. Bxf6 gxf6 13. Qg4+ Kh8 14. Qh4 f5
15. Qf6+ Kg8 16. Bxf5 Bc7 17. Bd3 Qxh2# 0-1

[Event "AUTO-ADV-3383"]
[Site "http://www.queenalice.com/game.php?id=1350489"]
[Date "2015.3.29"]
[Round "1"]
[White "Cyrille2le"]
[Black "julick"]
[Result "1-0"]
[WhiteElo "1929"]
[BlackElo "1698"]

1. d4 e6 2. c4 d6 3. Nc3 c6 4. e4 Nf6 5. g3 Qa5 6. Bg2 d5 7. cxd5 exd5 8. e5
Nfd7 9. Bd2 Qb6 10. Nf3 Qxb2 11. Rb1 Qa3 12. O-O b5 13. Ng5 Be7 14. Nxf7 Kxf7
15. e6+ Kxe6 16. Qf3 Nf6 17. Rfe1+ Kd7 18. Rb3 Qa6 19. Bg5 Rf8 20. Bh3+ Ke8 21.
Qe2 1-0

[Event "AUTO-INT-2977"]
[Site "http://www.queenalice.com/game.php?id=1350582"]
[Date "2015.3.29"]
[Round "1"]
[White "saturnin"]
[Black "julick"]
[Result "0-1"]
[WhiteElo "1532"]
[BlackElo "1709"]

1. b4 e6 2. c3 b5 3. d4 d5 4. a4 c6 5. a5 a6 6. e3 Bd6 7. Nf3 Nf6 8. Bd3 O-O 9.
O-O Ng4 10. h3 Nf6 11. Ng5 h6 12. Nf3 Bc7 13. Qc2 Qd6 14. g3 g6 15. Ne5 Nfd7 16.
Nxd7 Qxd7 17. g4 Qd6 18. f4 f5 19. Nd2 Qe7 20. gxf5 exf5 21. Nf3 Nd7 22. Qb3 Kh7
23. Kg2 Nf6 24. Kf2 Nh5 25. Rg1 Bd7 26. Rg2 Rae8 27. Ne5 Qh4+ 28. Kg1 Bxe5 29.
dxe5 Qxh3 30. Bf1 Ng3 31. Kf2 Ne4+ 32. Kg1 Ng3 33. Qd1 Qh1+ 34. Kf2 Ne4+ 35. Kf3
Qh3+ 36. Ke2 Nxc3+ 37. Kd2 Nxd1 38. Kxd1 Qf3+ 39. Kd2 Qxf1 40. Re2 Qf3 41. Ba3
h5 42. Bb2 Be6 43. Bd4 Rh8 44. Kd3 Kg7 45. Ree1 h4 46. Rac1 Rc8 47. Rf1 Qg4 0-1

[Event "AUTO-INT-2977"]
[Site "http://www.queenalice.com/game.php?id=1350583"]
[Date "2015.3.29"]
[Round "1"]
[White "julick"]
[Black "saturnin"]
[Result "1-0"]
[WhiteElo "1711"]
[BlackElo "1535"]

1. e3 e5 2. e4 d6 3. Be2 Nf6 4. d3 d5 5. exd5 Nxd5 6. Nf3 Qe7 7. Nbd2 Nc6 8. O-O
g6 9. c4 Nf4 10. Ne4 Bg7 11. Be3 Nxe2+ 12. Qxe2 O-O 13. a3 Bg4 14. h3 Bxf3 15.
Qxf3 f5 16. Nd2 f4 17. Qd5+ Kh8 18. Bc5 Qd8 19. Bxf8 Bxf8 20. Qe4 a5 21. a4 Qf6
22. Nf3 h5 23. Rfe1 Re8 24. Rad1 Bc5 25. d4 Nxd4 26. Nxd4 Bxd4 27. Rxd4 c5 28.
Rd7 b6 29. Red1 Rg8 30. R1d6 Qg5 31. Re6 Rf8 32. Rxe5 Qf6 33. Ree7 Qxe7 34. Qxe7
1-0

[Event "AUTO-INT-2977"]
[Site "http://www.queenalice.com/game.php?id=1350600"]
[Date "2015.3.29"]
[Round "1"]
[White "julick"]
[Black "twiddledeedum"]
[Result "0-1"]
[WhiteElo "1725"]
[BlackElo "1772"]

1. e3 e5 2. e4 Nf6 3. d3 h6 4. g4 d6 5. Bh3 g5 6. f3 Nc6 7. Nc3 a6 8. Nge2 d5 9.
exd5 Nxd5 10. Bg2 Nxc3 11. Nxc3 Be7 12. Ne4 Be6 13. b3 Qd4 14. Rb1 Bc5 15. Nxc5
Qxc5 16. Bb2 Qe3+ 17. Qe2 Qxe2+ 18. Kxe2 O-O-O 19. c3 f5 20. gxf5 Bxf5 21. Rbd1
g4 22. Rde1 Bxd3+ 23. Ke3 gxf3 24. Bxf3 Rhe8 25. h4 e4 26. Kf4 Rf8+ 27. Ke3
Rxf3+ 28. Kd2 Re8 29. a4 Rd8 30. Kc1 h5 31. Rd1 Na5 32. b4 Nb3# 0-1

[Event "AUTO-INT-2977"]
[Site "http://www.queenalice.com/game.php?id=1350601"]
[Date "2015.3.29"]
[Round "1"]
[White "twiddledeedum"]
[Black "julick"]
[Result "1-0"]
[WhiteElo "1710"]
[BlackElo "1761"]

1. e4 e5 2. Nf3 d6 3. h3 Nf6 4. Nc3 Be7 5. Nd5 Nxe4 6. Nxe7 Qxe7 7. d3 Nf6 8.
Bg5 h6 9. Bh4 Nbd7 10. Qd2 a6 11. O-O-O b5 12. g4 g5 13. Bg3 Bb7 14. Bg2 Rb8 15.
Rhg1 d5 16. Nxe5 Nxe5 17. Rde1 Nfd7 18. d4 f6 19. dxe5 fxe5 20. Bxd5 Kf8 21.
Bxb7 Rxb7 22. Qe2 Rh7 23. Qf3+ 1-0

[Event "AUTO-INT-2977"]
[Site "http://www.queenalice.com/game.php?id=1350602"]
[Date "2015.3.29"]
[Round "1"]
[White "julick"]
[Black "Nias"]
[Result "0-1"]
[WhiteElo "1623"]
[BlackElo "1400"]

1. d4 d5 2. e3 a6 3. a4 Nc6 4. c3 e5 5. dxe5 Bc5 6. b4 Ba7 7. f4 Bf5 8. Na3 f6
9. Bd3 Qd7 10. Qh5+ g6 11. Qe2 Bxd3 12. Qxd3 fxe5 13. fxe5 Nxe5 14. Qe2 Qxa4 15.
Nf3 Nxf3+ 16. Qxf3 O-O-O 17. Qg4+ Kb8 18. Qg5 Qd7 19. Qe5 Ne7 20. Nc2 Nf5 0-1

[Event "AUTO-INT-2977"]
[Site "http://www.queenalice.com/game.php?id=1350603"]
[Date "2015.3.29"]
[Round "1"]
[White "Nias"]
[Black "julick"]
[Result "1-0"]
[WhiteElo "1373"]
[BlackElo "1650"]

1. e4 e5 2. Nf3 d6 3. d4 exd4 4. Nxd4 Be7 5. g3 Nf6 6. f3 O-O 7. h4 Nh5 8. Rg1
c5 9. Nb5 a6 10. N5c3 Nc6 11. Nd2 Nd4 12. f4 b5 13. Ne2 Nc6 14. c3 Bg4 15. Kf2
f6 16. f5 Ne5 17. Qc2 Qb6 18. Kg2 c4 19. Nd4 Rf7 20. Be2 1-0

[Event "OS INCLIVEIS"]
[Site "http://www.queenalice.com/game.php?id=1353595"]
[Date "2015.4.14"]
[Round "-"]
[White "adelio"]
[Black "julick"]
[Result "1-0"]
[WhiteElo "1685"]
[BlackElo "1743"]

1. d4 d5 2. e4 dxe4 3. Nc3 f5 4. h4 h5 5. Bg5 g6 6. Bc4 c6 7. Qe2 Qxd4 8. Rd1
Qe5 9. Nf3 Qa5 10. Bxg8 Rxg8 11. Nd4 Qb6 12. O-O Qxb2 13. Nxe4 Nd7 14. Qc4 Rh8
15. Nd6+ Kd8 16. Ne6# 1-0

[Event "OS INCLIVEIS"]
[Site "http://www.queenalice.com/game.php?id=1353596"]
[Date "2015.4.14"]
[Round "-"]
[White "julick"]
[Black "adelio"]
[Result "0-1"]
[WhiteElo "1720"]
[BlackElo "1839"]

1. e4 a6 2. a4 c5 3. c4 e5 4. d3 d6 5. Bd2 Be7 6. Be2 g6 7. Nf3 h5 8. g3 h4 9.
gxh4 Nc6 10. Nc3 Nf6 11. h3 Nh5 12. Bg5 Nf4 13. Bxe7 Qxe7 14. Bf1 Nd4 15. Nd5
Nxd5 16. cxd5 Nxf3+ 17. Qxf3 Rxh4 18. b3 Rf4 19. Qe3 Qh4 20. Rh2 g5 21. O-O-O b5
22. a5 g4 23. Qg3 Qg5 24. hxg4 Rxg4+ 25. Qe3 Qxe3+ 26. fxe3 Ke7 27. Rh8 Rg3 28.
Re1 Rg1 29. Kd1 Bg4+ 30. Be2 Bxe2+ 31. Kxe2 Rxe1+ 32. Kxe1 Rxh8 33. Kf2 Rh5 34.
Kg2 f5 35. exf5 Rxf5 36. e4 Rf4 37. Kg3 Kf6 0-1

[Event "Challenge"]
[Site "http://www.queenalice.com/game.php?id=1357818"]
[Date "2015.5.6"]
[Round "-"]
[White "Magogue"]
[Black "julick"]
[Result "0-1"]
[WhiteElo "1265"]
[BlackElo "1729"]

1. e4 e5 2. f4 exf4 3. Bc4 d6 4. Nc3 Nf6 5. d4 g5 6. h4 Ng4 7. hxg5 Qxg5 8. Nd5
Kd8 9. Bxf4 Qg6 10. Nc3 f6 11. Be2 Bd7 12. Bxg4 Bxg4 13. Nf3 Bd7 0-1

[Event "Challenge"]
[Site "http://www.queenalice.com/game.php?id=1357819"]
[Date "2015.5.6"]
[Round "-"]
[White "julick"]
[Black "Magogue"]
[Result "1-0"]
[WhiteElo "1731"]
[BlackElo "1152"]

1. e4 e5 2. Nf3 d6 3. Bc4 Be7 4. d3 Nf6 5. a3 a5 6. a4 Nc6 7. c3 d5 8. exd5 Nxd5
9. O-O O-O 10. Qe2 Bg4 11. h3 Be6 12. Nxe5 Nxe5 13. Qxe5 Bf6 14. Qe4 c6 15. Bf4
Re8 16. Qf3 Nxf4 17. Qxf4 1-0

[Event "AUTO-INT-2945"]
[Site "http://www.queenalice.com/game.php?id=1362282"]
[Date "2015.5.29"]
[Round "2"]
[White "julick"]
[Black "NickThorp"]
[Result "0-1"]
[WhiteElo "1691"]
[BlackElo "1555"]

1. e3 e5 2. d3 d5 3. Be2 Nf6 4. Nf3 Nc6 5. c3 e4 6. dxe4 dxe4 7. Qxd8+ Nxd8 8.
Nd4 Bc5 9. Nb3 Ne6 10. O-O O-O 11. Bg4 Bb6 12. Be2 Ng5 13. N3d2 Be6 14. b4 a5
15. b5 c6 16. bxc6 bxc6 17. a4 Bg4 18. Bxg4 Nxg4 19. h3 Ne5 0-1

[Event "AUTO-INT-2945"]
[Site "http://www.queenalice.com/game.php?id=1362283"]
[Date "2015.5.29"]
[Round "2"]
[White "NickThorp"]
[Black "julick"]
[Result "1-0"]
[WhiteElo "1576"]
[BlackElo "1670"]

1. e4 e5 2. Nf3 d6 3. Bb5+ Bd7 4. Bxd7+ Qxd7 5. O-O Nf6 6. d3 Be7 7. Bg5 h6 8.
Bh4 Ng4 9. Bxe7 Qxe7 10. h3 Nf6 11. Nc3 c6 12. a3 a5 13. a4 b6 14. b3 O-O 15.
Ne2 Na6 16. c3 d5 17. Ng3 Rad8 18. Nf5 Qe6 19. Qe2 dxe4 20. dxe4 1-0

[Event "AUTO-INT-2945"]
[Site "http://www.queenalice.com/game.php?id=1362284"]
[Date "2015.5.29"]
[Round "2"]
[White "julick"]
[Black "Marcos_Dal_Ri"]
[Result "0-1"]
[WhiteElo "1733"]
[BlackElo "1676"]

1. e3 d5 2. d4 Bf5 3. Bd3 e6 4. Bxf5 exf5 5. f4 Nh6 6. h3 Bd6 7. Qh5 O-O 8. Nc3
Bb4 9. Bd2 Nd7 10. Nxd5 Bxd2+ 11. Kxd2 c6 12. Nc3 Nf6 13. Qf3 Nd5 14. Nxd5 cxd5
0-1

[Event "AUTO-INT-2945"]
[Site "http://www.queenalice.com/game.php?id=1362285"]
[Date "2015.5.29"]
[Round "2"]
[White "Marcos_Dal_Ri"]
[Black "julick"]
[Result "1-0"]
[WhiteElo "1694"]
[BlackElo "1715"]

1. d4 d5 2. Bf4 e6 3. e3 Bd6 4. Bxd6 Qxd6 5. Bd3 Qb4+ 6. Nd2 Qxb2 7. Ngf3 Qa3 8.
O-O b6 9. Nb1 Qd6 10. Nc3 Ne7 11. Nb5 Qc6 12. Ne5 Qb7 13. Qh5 g6 14. Qh6 a6 15.
Qg7 1-0